000 00997nac a22003017a 4500
001 BR7902747
003 BR-BrBNA
005 20240105114429.0
008 230509b bl.|||m| |||| 00| 0 por d
040 _aBR-BrBNA
_bpor
_cBiblioteca Nacional de Agricultura
072 _aE70
090 _a0150 BR7902747
110 1 _aEmpresa Brasileira de Pesquisa Agropecuaria, Brasilia, DF (Brasil). Depto. de Difusao de Tecnologia
_93839
245 1 _aCotacoes do mercado e demais indicadores economicos: arroz e feijao
_bInforme especial
260 3 _aBrasilia, DF (Brasil):
_c1978.
300 _a15 p.
490 _aSerie Economia - Empresa Brasileira de Pesquisa Agropecuaria (Brazil)
_vno. 2
_x
500 _aNumerical data
650 _aARROZ
650 _aFEIJAO
650 _aABASTECIMENTO
650 _aPRECO
650 _aMERCADO NACIONAL
650 _aMERCADO VAREJISTA
650 _aMERCADO ATACADISTA
909 _a202312
_bLúcia Elande
_c55
_dLúcia Elande
942 _2AGRIS
_n0
_cMS
999 _c269311
_d269311